000 00573nam a2200193Ia 4500
008 151119s9999||||xx |||||||||||||| ||und||
082 _a301.4
082 _bGKKV25695
100 _aभोसले राजन
245 _aअथोतो कामजिज्ञासा
260 _a--
260 _b--
260 _c2005
600 _aभोसले राजन
630 _aअथोतो कामजिज्ञासा
700 _aभोसले राजन
730 _aअथोतो कामजिज्ञासा
942 _cBOOK
999 _c1078204
_d1078201